000 01608 a2200253 4500
001 32081
005 20260407155621.0
008 260407a1968 arg spa d
003 AR-UNSa-BCEJYS
040 _aAR-UNSa-BCEJYS
_bspa
_cAR-UNSa-BCEJYS
080 _a(031)658
_xEnciclopedía de Administración
245 1 0 _aOrganización de los servicios administrativos
250 _a3a. ed.
264 1 _aBilbao :
_bEdiciones Deusto
_c1968
300 _a342 p.
_c22 cm.
505 _a1. Los origenes de la función administrativa - 2. Tres objetivos importantes de la función administrativa: la organización, la información, la táctica - 3. La alta dirección de la empresa. El secretariado general y los servicios generales - 4. El trabajo en equipo y las reuniones - 5. La descentralización del poder: aspectos de la jerarquía - 6. Los trabajos de producción administrativa y el secretariado - 7. Preparación de la correspondencia - 8. La ejecución de la correspondencia - 9. Problemas de clasificación - 10. El equipo de los servicos administrativos - 11. El documento administrativo y contable y su marco normalizado: el impreso - 12. La función documentaria - 13. La función documentaria de la empresa - 14. Función y equipo de oficina - 15. Las máquinas de fichas perforadas - 16. Los calculadores electrónicos - 17. Los sistemas de tratamiento automático y las informaciones.
041 _aspa
942 _cBK
590 _aniveau_biblio:m niveau_hierar:0
100 1 _aDubas, Jean
700 1 _aDupin de Saint- Cyr, Joseph
700 1 _aAlonso, Tiburcio
700 1 _aGil, Pablo
999 _c2243
_d2243